UBT Library

The new American diet / (Record no. 44249)

000 -LEADER
fixed length control field 00524pam a2200205 a 4500
001 - CONTROL NUMBER
control field 2877513
005 - DATE AND TIME OF LATEST TRANSACTION
control field 20180307033214.0
008 - FIXED-LENGTH DATA ELEMENTS--GENERAL INFORMATION
fixed length control field 860212s1986 nyua 001 0 eng
010 ## - LIBRARY OF CONGRESS CONTROL NUMBER
LC control number 86003737
020 ## - INTERNATIONAL STANDARD BOOK NUMBER
International Standard Book Number 0671543245
040 ## - CATALOGING SOURCE
Original cataloging agency DLC
Transcribing agency DLC
Modifying agency DLC
041 ## - LANGUAGE CODE
Language code of text/sound track or separate title eng
080 ## - UNIVERSAL DECIMAL CLASSIFICATION NUMBER
Universal Decimal Classification number 613.26 CON
082 00 - DEWEY DECIMAL CLASSIFICATION NUMBER
Classification number 613.26 CON
Edition number 19
100 1# - Rafti
Rafti 10
101 ## - Shkurtesa
Shkurtesa NUT
245 14 - TITLE STATEMENT
Title The new American diet /
Statement of responsibility, etc by Sonja L. Connor and William E. Connor.
906 ## - LOCAL DATA ELEMENT F, LDF (RLIN)
a 7
b cbc
c orignew
d 1
e ocip
f 19
g y-gencatlg
942 ## - ADDED ENTRY ELEMENTS (KOHA)
Source of classification or shelving scheme
Item type Books
Holdings
Withdrawn status Lost status Source of classification or shelving scheme Damaged status Not for loan Collection code Permanent location Current location Shelving location Date acquired Total Checkouts Full call number Barcode Date last seen Price effective from Koha item type
          Koleksioni i përgjithshem UBT - Lipjan UBT - Lipjan Koleksioni i përgjithshem 03/07/2018   613.26 CON 002-3000952 03/07/2018 03/07/2018 Books
UBT Library © 2015-2024. All rights reserved University Education for Business and Technology